La humanidad en la encrucijada: segundo informe al Club de Roma
Tallennettuna:
| Päätekijät: | , |
|---|---|
| Aineistotyyppi: | Kirja |
| Kieli: | espanja |
| Julkaistu: |
Ciudad de México
Fondo de Cultura Económica
1975
|
| Painos: | 1a. ed |
| Sarja: | Colección Popular, 142
|
| Aiheet: | |
| Tagit: |
Lisää tagi
Ei tageja, Lisää ensimmäinen tagi!
|
MARC
| LEADER | 00000cam a2200000 a 4500 | ||
|---|---|---|---|
| 001 | UCN8430 | ||
| 003 | CL-VaPUC | ||
| 008 | 011109e19750000MX |||||||||||||||||spa|d | ||
| 082 | 0 | 4 | |a 337 |b MES |2 21 |
| 100 | |a Mesarovic, Mihajlo |e autor |9 464652 | ||
| 700 | 0 | |a Pestel, Eduard |e author |9 464653 | |
| 245 | 1 | 3 | |a La humanidad en la encrucijada: segundo informe al Club de Roma |
| 250 | |a 1a. ed | ||
| 300 | |a 261 p | ||
| 942 | |c BK | ||
| 945 | |d 20011109 00:00:00 |a crobeson | ||
| 260 | |a Ciudad de México |b Fondo de Cultura Económica |c 1975 | ||
| 650 | 0 | |a Economía internacional |9 258254 | |
| 650 | 7 | |a COOPERACION ECONOMICA INTERNACIONAL |2 CL-VaPUC |9 363471 | |
| 650 | 0 | |a Países en desarrollo |9 259663 | |
| 650 | 0 | |a Crecimiento económico |9 314037 | |
| 583 | |a last modification |c 20120120 01:41:56 |k Rodrigo Vera | ||
| 490 | 0 | |a Colección Popular, 142 | |
| 999 | |c 298324 |d 298322 | ||
| 952 | |0 0 |1 0 |4 0 |6 337_000000000000000_MES_1975 |7 0 |8 A |9 353835 |a BIBGIM |b BIBGIM |d 2019-11-21 |i 3600378 |o 337 MES 1975 |p 3600378 |r 2025-01-15 |w 2019-11-21 |y BK |k ORI | ||
| 952 | |0 0 |1 0 |4 0 |6 337_000000000000000_MES_1975 |7 0 |8 P |9 353836 |a BIBEDU |b BIBEDU |c BIBEDU_PB |d 2019-11-21 |i 4838262 |o 337 MES 1975 |p 4838262 |r 2024-01-25 |w 2019-11-21 |y BK |k EPE | ||